The battle against injustice : (Record no. 138139)

MARC details
000 -LEADER
fixed length control field 00602nam a22001817a 4500
005 - DATE AND TIME OF LATEST TRANSACTION
control field 20170308123244.0
010 ## - LCCN (DPL NO)
LC control number ENG-117435
020 ## - INTERNATIONAL STANDARD BOOK NUMBER
International Standard Book Number 9788183874076
Terms of availability 995.00
035 ## - SYSTEM CONTROL NUMBER
System control number EN-100967
037 ## - SOURCE OF ACQUISITION
Source of stock number/acquisition DBAD/PUB
082 ## - DEWEY DECIMAL CLASSIFICATION NUMBER
Classification number 347.54
100 ## - MAIN ENTRY--PERSONAL NAME
Personal name Reddy G. Ramachandhra
245 ## - TITLE STATEMENT
Title The battle against injustice :
Statement of responsibility, etc G.Ramachandhra raddy
Remainder of title Is justice getting punished? /
260 ## - PUBLICATION, DISTRIBUTION, ETC. (IMPRINT)
Place of publication, distribution, etc New Delhi
Name of publisher, distributor, etc Serials publications
Date of publication, distribution, etc 2011
270 ## - ADDRESS
Address 4830/24, Prahlad street, ansari road darya ganj,
City New Delhi
Postal code 110002
300 ## - PHYSICAL DESCRIPTION
Extent xxi,264p.
Dimensions 22cm(pbk)
942 ## - ADDED ENTRY ELEMENTS (KOHA)
Source of classification or shelving scheme Dewey Decimal Classification
Item type English Books
Classification part 324.254
Call number prefix RED
Holdings
Withdrawn status Lost status Not for loan Collection code Home library Current library Date acquired Source of acquisition Cost, normal purchase price Full call number Barcode Copy number Cost, replacement price Koha item type
      Non-fiction Patel Nagar Patel Nagar 08/03/2017 DBAD/ PUB 995.00 324.254 RED EN-100967 1 995.00 English Books

© Delhi Public Library
Hit Counter
free hit counter